000 02049cam a22002054a 4500
005 20250605164143.0
008 250528s ||||||||||||||||||||||||d
035 _a19043
020 _a9600101957
040 _aGR-AtMCL
_bgre
_dGR-AtMCL
_eAACR2
245 1 _aΓενικά Μαθηματικά.
_nΤεύχος Α'
260 _bGutenberg,
_c2001
300 _a328
520 _aΕισαγωγικές Έννοιες, Βασικοί Ορισμοί, Απεικονίσεις Συνόλων, Διμελείς Σχέσεις, Εσωτερικές Πράξεις, Βασικές Αλγεβρικές Δομές, Εξωτερικές Πράξεις, Το Σύνολο των Μιγαδικών Αριθμών, Στοιχεία Συνδυαστικής, Διατάξεις και Μεταθέσεις, Συνδυασμοί, Δυνάμεις Αθροισμάτων, Μήτρες - Ορίζουσες - Γραμμικά Συστήματα, Λογισμός μητρών, Ορίζουσες, Γραμμικά Συστήματα, Ομαλές Μήτρες, Διανυσματικοί Χώροι, Γενικότητες, Βασικοί Διανυσματικοί Χώροι, Ευκλείδιοι Χώροι, Σημειακοί Χώροι, Ακολουθίες και Σειρές, Ακολουθίες Πραγματικών Αριθμών, Ακολουθίες Διανυσμάτων, Σειρές Πραγματικών Αριθμών, Πραγματικές Συναρτήσεις, Βασικές Έννοιες σε Συναρτήσεις μιας Μεταβλητής, Οριακές Τιμές Συναρτήσεων, Συνεχείς Συναρτήσεις, Διανυσματικές Συναρτήσεις - Καμπύλες και Επιφάνειες, Επίπεδες Καμπύλες, Επιφάνειες και Καμπύλες στο Χώρο, Ασκήσεις, Ευρετήριο Όρων.
700 1 _aΠαπαμιχαηλ Δ
_92505
700 1 _aΤαμπουρατζής Δ
_92506
942 _cBK
999 _c4327
_d4327